[Event "Liverpool Open"]
[Site "?"]
[Date "2007.09.07"]
[Round "7.14"]
[White "Palliser, Richard"]
[Black "Storey, Charles"]
[Result "0-1"]
[WhiteElo "2417"]
[BlackElo "2218"]
[PlyCount "100"]
[EventDate "2007.09.07"]
[SourceDate "2007.09.07"]

1. d4 e6 2. c4 f5 3. g3 Nf6 4. Bg2 Bb4+ 5. Nd2 d5 6. Qa4+ Nc6 7. Ngf3 Bd7 8.
Qb3 a5 9. O-O a4 10. Qd3 Bd6 11. cxd5 exd5 12. Nb1 Nb4 13. Qd1 Qe7 14. Bg5 c6
15. a3 Na6 16. Qxa4 h6 17. Bxf6 Qxf6 18. Nc3 g5 19. e3 h5 20. h4 gxh4 21. Nxh4
Rg8 22. Ne2 Rg4 23. Nf4 O-O-O 24. Rfc1 Kb8 25. Qd1 Rdg8 26. Kf1 Nc7 27. a4 Ne6
28. Nxd5 cxd5 29. Bxd5 Nc7 30. Bxg8 Rxg8 31. Qb3 Be6 32. Qb6 Bxg3 33. a5 Qxh4
34. a6 Bd5 35. fxg3 Qh1+ 36. Ke2 Qg2+ 37. Kd3 Be4+ 38. Kc4 Nxa6 39. Qd6+ Nc7
40. Kb3 Bd5+ 41. Ka3 Qxg3 42. Qc5 Bc6 43. d5 Bxd5 44. Rg1 Bg2 45. Rac1 Na6 46.
Qd4 h4 47. Rc3 Qg7 48. Qd6+ Ka8 49. Ka2 Bd5+ 50. Qxd5 Nb4+ 0-1

[Event "Liverpool Open"]
[Site "?"]
[Date "2007.09.07"]
[Round "7.15"]
[White "Rendle, Thomas"]
[Black "Wilson, Alexandra"]
[Result "1-0"]
[WhiteElo "2416"]
[BlackElo "2066"]
[PlyCount "69"]
[EventDate "2007.09.07"]
[SourceDate "2007.09.07"]

1. f4 g6 2. Nf3 d5 3. g3 Bg7 4. Bg2 c5 5. O-O Nc6 6. d3 d4 7. Na3 Nh6 8. Ng5
Nf5 9. Ne4 Ne3 10. Bxe3 dxe3 11. c3 O-O 12. Nxc5 e5 13. fxe5 Nxe5 14. Qb3 Rb8
15. d4 Ng4 16. Qd5 Qe7 17. Qe4 Qg5 18. Qf4 Qxf4 19. Rxf4 Bh6 20. Rff1 b6 21.
Ne4 f5 22. Nd6 Ba6 23. Nab5 Rf6 24. a4 Nf2 25. Nc4 f4 26. Ne5 fxg3 27. hxg3 Rf5
28. Nc6 Rbf8 29. Ne7+ Kh8 30. Nxf5 gxf5 31. Rxf2 exf2+ 32. Kxf2 Re8 33. Bf3
Be3+ 34. Kg2 Rg8 35. Bd5 1-0

[Event "Liverpool Open"]
[Site "?"]
[Date "2007.09.07"]
[Round "7.16"]
[White "Jowett, Peter"]
[Black "Ansell, Simon"]
[Result "1/2-1/2"]
[WhiteElo "2196"]
[BlackElo "2405"]
[PlyCount "70"]
[EventDate "2007.09.07"]
[SourceDate "2007.09.07"]

1. e4 c5 2. c3 d6 3. Bc4 Nf6 4. Qe2 Nc6 5. h3 e6 6. Nf3 Nxe4 7. Qxe4 d5 8. Bxd5
Qxd5 9. Qxd5 exd5 10. d4 Bf5 11. O-O O-O-O 12. Re1 c4 13. Ne5 Nxe5 14. dxe5 f6
15. Bf4 g5 16. Bg3 Bg7 17. Nd2 Rhe8 18. Nf3 Be4 19. exf6 Bxf6 20. Nd4 Kd7 21.
f3 Bg6 22. Rxe8 Rxe8 23. Re1 Rxe1+ 24. Bxe1 a6 25. Bg3 b5 26. a3 Be8 27. Kf2
Ke7 28. Ke3 Bd7 29. Bb8 Kf7 30. g4 h5 31. Bc7 Kg6 32. Ne2 Kf7 33. Nd4 Ke7 34.
Bh2 Kd8 35. Bd6 Ke8 1/2-1/2

[Event "Liverpool Open"]
[Site "?"]
[Date "2007.09.07"]
[Round "7.17"]
[White "Minnican, Alan William"]
[Black "Ravi, Lanka"]
[Result "0-1"]
[WhiteElo "2110"]
[BlackElo "2404"]
[PlyCount "58"]
[EventDate "2007.09.07"]
[SourceDate "2007.09.07"]

1. Nc3 d5 2. e4 dxe4 3. Nxe4 Bf5 4. Ng3 Bg6 5. d4 Nf6 6. Nf3 Nbd7 7. h4 h6 8.
h5 Bh7 9. Bd3 Bxd3 10. Qxd3 e6 11. Bd2 c5 12. O-O-O Qc7 13. Kb1 O-O-O 14. Qe2
c4 15. Ne4 Nxe4 16. Qxe4 Nf6 17. Qe2 Rd5 18. Rh4 Bd6 19. g4 Kb8 20. Rg1 Rb5 21.
g5 Nd5 22. gxh6 gxh6 23. Rhg4 a6 24. Rg8+ Rxg8 25. Rxg8+ Ka7 26. a4 Rxb2+ 27.
Kxb2 c3+ 28. Kc1 cxd2+ 29. Nxd2 Ba3+ 0-1

[Event "Liverpool Open"]
[Site "?"]
[Date "2007.09.07"]
[Round "7.18"]
[White "Weeks, Manuel William"]
[Black "Armstrong, Malcolm"]
[Result "1/2-1/2"]
[WhiteElo "2200"]
[BlackElo "2126"]
[PlyCount "81"]
[EventDate "2007.09.07"]
[SourceDate "2007.09.07"]

1. e4 e6 2. d4 d5 3. Nd2 Nf6 4. e5 Nfd7 5. Bd3 c5 6. c3 Nc6 7. Ne2 cxd4 8. cxd4
f6 9. exf6 Nxf6 10. O-O Bd6 11. Nf3 O-O 12. Bg5 Qc7 13. Bh4 Nh5 14. Rc1 g6 15.
Bb5 a6 16. Bxc6 bxc6 17. Re1 Bd7 18. Ng3 Ng7 19. Ne5 Rac8 20. Qd2 Be8 21. b4
Qb8 22. Rb1 Qa7 23. Bg5 a5 24. a3 axb4 25. axb4 Rb8 26. Be3 Qe7 27. Nd3 Bd7 28.
Bg5 Qf7 29. Ne5 Bxe5 30. Rxe5 Rb7 31. Qe2 Rfb8 32. Bd2 Ne8 33. Nf1 Nd6 34. Ne3
Qg7 35. Ng4 Nc4 36. Bh6 Qf7 37. Bg5 Kg7 38. Nh6 Qf8 39. Ng4 Qf7 40. Nh6 Qf8 41.
Ng4 1/2-1/2

[Event "Liverpool Open"]
[Site "?"]
[Date "2007.09.07"]
[Round "7.21"]
[White "James, David"]
[Black "Tasker, Michael"]
[Result "1-0"]
[WhiteElo "2220"]
[BlackElo "2070"]
[PlyCount "77"]
[EventDate "2007.09.07"]
[SourceDate "2007.09.07"]

1. Nf3 c5 2. c4 Nf6 3. Nc3 Nc6 4. d4 cxd4 5. Nxd4 g6 6. e4 d6 7. Be2 Bg7 8. Be3
O-O 9. O-O Nxd4 10. Bxd4 Be6 11. Qd2 Rc8 12. b3 Qa5 13. Rfd1 Kh8 14. Rac1 Rfe8
15. f3 a6 16. Qb2 Nd7 17. Nb5 Bxd4+ 18. Nxd4 Qe5 19. f4 Qf6 20. Qd2 Nc5 21. Qe3
a5 22. a3 Red8 23. b4 axb4 24. axb4 Na6 25. e5 dxe5 26. fxe5 Qg7 27. Nxe6 Rxd1+
28. Rxd1 fxe6 29. Rb1 h5 30. c5 Nc7 31. b5 Nd5 32. Qd4 Qh6 33. Bf3 Qf4 34. Qxf4
Nxf4 35. Bxb7 Rxc5 36. b6 Nd3 37. Be4 Nxe5 38. b7 Nd7 39. Rd1 1-0

[Event "Liverpool Open"]
[Site "?"]
[Date "2007.09.07"]
[Round "7.22"]
[White "Peacock, Malcolm"]
[Black "Mikkelsen, Nikolaj"]
[Result "0-1"]
[WhiteElo "2094"]
[BlackElo "2303"]
[PlyCount "70"]
[EventDate "2007.09.07"]
[SourceDate "2007.09.07"]

1. c4 e5 2. g3 Nc6 3. Bg2 f5 4. Nc3 Nf6 5. d3 Bb4 6. Bd2 O-O 7. Nf3 d6 8. O-O
Qe8 9. Nd5 Bxd2 10. Nxd2 Nxd5 11. cxd5 Nb8 12. Rc1 Rf7 13. Rc3 a5 14. e3 Na6
15. Qh5 b6 16. Nf3 Re7 17. Qxe8+ Rxe8 18. Rfc1 e4 19. dxe4 fxe4 20. Ng5 Nc5 21.
f3 exf3 22. Bxf3 Re5 23. Ne6 Bxe6 24. dxe6 Rf8 25. Bg4 h5 26. Bh3 Rf3 27. Rf1
Rxf1+ 28. Kxf1 Kf8 29. Ke2 Ke7 30. b3 d5 31. Kd1 Kd6 32. a3 Ne4 33. Rc2 Ng5 34.
Bg2 Rxe3 35. Rd2 c6 0-1

[Event "Liverpool Open"]
[Site "?"]
[Date "2007.09.07"]
[Round "7.23"]
[White "Almer, Julia"]
[Black "Atako, Chino"]
[Result "1/2-1/2"]
[WhiteElo "1932"]
[BlackElo "2181"]
[PlyCount "126"]
[EventDate "2007.09.07"]
[SourceDate "2007.09.07"]

1. e4 c5 2. Nf3 Nc6 3. d4 cxd4 4. Nxd4 g6 5. c4 Nf6 6. Nc3 Nxd4 7. Qxd4 d6 8.
Be2 Bg7 9. Be3 O-O 10. Qd2 Qa5 11. Rc1 Be6 12. O-O Rfc8 13. b3 a6 14. f3 b5 15.
Nd5 Qxd2 16. Bxd2 Nxd5 17. cxd5 Bd4+ 18. Kh1 Bd7 19. Rfd1 Bb2 20. Rb1 Bc3 21.
Be3 Bb4 22. Bd3 Rc7 23. Rbc1 Rac8 24. Rxc7 Rxc7 25. Rc1 Rxc1+ 26. Bxc1 Bc5 27.
g3 Bh3 28. Be2 e5 29. f4 f6 30. Bf3 Kf7 31. Bg2 Bg4 32. h3 Be2 33. Kh2 Ke7 34.
g4 b4 35. Kg3 Bd3 36. Kf3 Bb1 37. Bf1 a5 38. g5 fxg5 39. fxe5 dxe5 40. Bxg5+
Kd6 41. Bh6 Ke7 42. Bg5+ Kd6 43. Bh6 Kc7 44. Bg7 Bd4 45. Bf8 Bxa2 46. Bb5 Bxb3
47. d6+ Kb8 48. d7 Bd1+ 49. Kg3 Bb6 50. Be7 b3 51. d8=Q+ Bxd8 52. Bxd8 a4 53.
Be7 b2 54. Bd3 Be2 55. Bb1 Kc7 56. Ba3 Bc4 57. Bxb2 Kd6 58. Kg4 Kc6 59. Kf3 h6
60. Kg4 Be2+ 61. Kg3 Bb5 62. Kg4 Be2+ 63. Kg3 Bb5 1/2-1/2

[Event "Liverpool Open"]
[Site "?"]
[Date "2007.09.07"]
[Round "7.24"]
[White "Yeo, Michael J"]
[Black "Brown, Martin"]
[Result "1/2-1/2"]
[WhiteElo "2153"]
[BlackElo "2038"]
[PlyCount "56"]
[EventDate "2007.09.07"]
[SourceDate "2007.09.07"]

1. e4 e6 2. d4 d5 3. Nc3 Nf6 4. Bg5 Be7 5. e5 Nfd7 6. h4 a6 7. Qg4 Kf8 8. f4 c5
9. dxc5 f6 10. Qxe6 fxg5 11. Qxd5 Nxc5 12. Qxd8+ Bxd8 13. O-O-O Nc6 14. hxg5
Be6 15. Nf3 Ba5 16. Nh4 Bxc3 17. bxc3 Ne7 18. Bd3 Kf7 19. Nf3 g6 20. Nd4 Rac8
21. Nxe6 Nxe6 22. g4 Nc5 23. Rhf1 Nxd3+ 24. Rxd3 Rhd8 25. f5 Rxd3 26. e6+ Ke8
27. cxd3 Rxc3+ 28. Kd2 Rc5 1/2-1/2

[Event "Liverpool Open"]
[Site "?"]
[Date "2007.09.07"]
[Round "7.25"]
[White "Williamson, Roger"]
[Black "Mollison, Jamie"]
[Result "1-0"]
[WhiteElo "2129"]
[BlackElo "1917"]
[PlyCount "105"]
[EventDate "2007.09.07"]
[SourceDate "2007.09.07"]

1. e4 e6 2. d4 d5 3. Nc3 dxe4 4. Nxe4 Nd7 5. Nf3 Ngf6 6. Nxf6+ Nxf6 7. g3 c5 8.
Bg2 cxd4 9. Qxd4 Qxd4 10. Nxd4 a6 11. Bg5 h6 12. Bxf6 gxf6 13. O-O-O Bc5 14. f4
Bxd4 15. Rxd4 Ke7 16. Rhd1 Ra7 17. b4 b5 18. a4 bxa4 19. Kb2 Bd7 20. c4 Rc8 21.
Ka3 Rac7 22. Bf1 Rb8 23. Rd6 Bc6 24. R6d2 Rd7 25. Rxd7+ Bxd7 26. b5 axb5 27.
cxb5 Kd8 28. Rc1 Rc8 29. Rxc8+ Kxc8 30. Kxa4 Kc7 31. Ka5 Bc8 32. Bg2 Bb7 33.
Bf1 e5 34. Bc4 e4 35. Bxf7 e3 36. Bh5 f5 37. Kb4 Kb6 38. Kc4 Bg2 39. Be2 Bh3
40. Kd4 Bg4 41. Kxe3 Kc5 42. Bd3 Bh3 43. b6 Kxb6 44. Kd4 Kc7 45. Ke5 Kd8 46.
Kf6 Ke8 47. Kg6 Kf8 48. Kxh6 Kg8 49. Kg5 Kh8 50. Bxf5 Bg2 51. Kf6 Bd5 52. Be6
Bg2 53. Ke7 1-0

[Event "Liverpool Open"]
[Site "?"]
[Date "2007.09.07"]
[Round "7.26"]
[White "Ak Hirawan, Omar"]
[Black "Reppen, Ellisiv"]
[Result "1/2-1/2"]
[WhiteElo "2344"]
[BlackElo "1922"]
[PlyCount "195"]
[EventDate "2007.09.07"]
[SourceDate "2007.09.07"]

1. e4 e5 2. Nf3 Nc6 3. Bb5 a6 4. Bxc6 dxc6 5. d4 exd4 6. Qxd4 Qxd4 7. Nxd4 Nf6
8. f3 c5 9. Ne2 Be7 10. Nbc3 c6 11. Na4 Nd7 12. Be3 b5 13. Nac3 O-O 14. Rd1 Ne5
15. Bf4 Bf6 16. b3 Be6 17. Kf2 Rfd8 18. Be3 c4 19. Bb6 Rxd1 20. Rxd1 cxb3 21.
axb3 Nd7 22. Bd4 c5 23. Bxf6 gxf6 24. Nf4 Ra7 25. Rd6 c4 26. Nxe6 fxe6 27. bxc4
b4 28. Na4 Rc7 29. Ke1 Nc5 30. Nxc5 Rxc5 31. Rxa6 Rxc4 32. Kd2 Kf7 33. Rd6 e5
34. Rd3 Kg6 35. Rb3 Rd4+ 36. Rd3 Rc4 37. Kc1 f5 38. exf5+ Kxf5 39. g3 e4 40.
fxe4+ Rxe4 41. Kb2 Kg4 42. Kb3 Kh3 43. Rd5 Kxh2 44. Rh5+ Kxg3 45. Rxh7 Kg4 46.
Rb7 Kf5 47. Rb5+ Ke6 48. Rxb4 Re3+ 49. Kc4 Kd6 50. Rb6+ Kc7 51. Rh6 Re4+ 52.
Kd5 Re2 53. Rc6+ Kb7 54. Rc4 Rh2 55. Kc5 Rh5+ 56. Kb4 Kb6 57. Rg4 Rb5+ 58. Kc3
Rc5+ 59. Rc4 Rd5 60. Rb4+ Kc6 61. Rb8 Kc7 62. Rh8 Rc5+ 63. Kd3 Rd5+ 64. Kc3
Rc5+ 65. Kb3 Rb5+ 66. Kc4 Rb2 67. Rh2 Kc6 68. Rg2 Kc7 69. Kc5 Ra2 70. Rg7+ Kb8
71. Rg2 Kc7 72. Re2 Ra5+ 73. Kd4 Ra2 74. Kc4 Kc6 75. Kb4 Rb2+ 76. Kc3 Rb5 77.
Re6+ Kd5 78. Rh6 Rb8 79. Rh5+ Kc6 80. Kc4 Kd6 81. Rh6+ Kd7 82. Rh5 Kd6 83. Rh6+
Kd7 84. Kd4 Rb5 85. Rh4 Kc6 86. Rh6+ Kd7 87. Rf6 Rb2 88. Rf2 Kd6 89. Rd2 Kc6
90. Kc4 Ra2 91. Kb4 Rb2+ 92. Kc3 Rb5 93. Rh2 Rc5+ 94. Kb4 Rb5+ 95. Ka4 Rb2 96.
Rh6+ Kc5 97. Rh8 Kc4 98. Rc8+ 1/2-1/2

[Event "Liverpool Open"]
[Site "?"]
[Date "2007.09.07"]
[Round "7.27"]
[White "Redmond, John"]
[Black "Golam, Ali"]
[Result "1/2-1/2"]
[WhiteElo "2212"]
[BlackElo "2044"]
[PlyCount "67"]
[EventDate "2007.09.07"]
[SourceDate "2007.09.07"]

1. c4 c5 2. Nc3 Nc6 3. g3 d6 4. Bg2 Nf6 5. d3 e6 6. e4 a6 7. Nge2 Qc7 8. O-O
Be7 9. f4 Bd7 10. h3 Rd8 11. Be3 Bc8 12. Qd2 O-O 13. g4 d5 14. exd5 exd5 15.
Nxd5 Nxd5 16. cxd5 Nb4 17. Nc3 Bf6 18. Rac1 b6 19. d4 Rfe8 20. dxc5 bxc5 21.
Bf2 Bb7 22. Ne4 Nxd5 23. Rxc5 Qb8 24. Rxd5 Rxd5 25. Nxf6+ gxf6 26. Bxd5 Rd8 27.
Qc3 Rxd5 28. Qxf6 Rd6 29. Qe5 Ba8 30. Re1 Qb7 31. Qe8+ Kg7 32. Qe5+ Kg8 33.
Qe8+ Kg7 34. Qe5+ 1/2-1/2

[Event "Liverpool Open"]
[Site "?"]
[Date "2007.09.07"]
[Round "7.28"]
[White "Owen, Dennis"]
[Black "Reuben, Stewart"]
[Result "1/2-1/2"]
[WhiteElo "1784"]
[BlackElo "2144"]
[PlyCount "124"]
[EventDate "2007.09.07"]
[SourceDate "2007.09.07"]

1. e4 c5 2. Nf3 g6 3. Bc4 Bg7 4. Nc3 Nc6 5. a3 d6 6. h3 Nf6 7. d4 cxd4 8. Nxd4
Nxe4 9. Nxc6 Bxc3+ 10. bxc3 bxc6 11. Qd4 Nf6 12. Bh6 Be6 13. Bg7 Rg8 14. Bxf6
exf6 15. O-O Kf8 16. Rab1 c5 17. Qd3 Kg7 18. Rfd1 Bxc4 19. Qxc4 Rb8 20. Qd5 Qc7
21. Rb3 Rxb3 22. cxb3 Rb8 23. b4 Rb6 24. Rb1 cxb4 25. cxb4 Qc3 26. Qa2 Rc6 27.
a4 Qd3 28. Qa1 Rc2 29. Rd1 Qf5 30. Qd4 a6 31. b5 axb5 32. axb5 Qxb5 33. Qxd6
Qc5 34. Qf4 g5 35. Qf3 h5 36. Rf1 Kg6 37. Kh1 Qf5 38. Qe3 Rb2 39. Qe1 Rb3 40.
f3 Qe5 41. Qd1 Rb2 42. Qd3+ f5 43. Qa6+ Qe6 44. Qa3 Qe2 45. Qd6+ Qe6 46. Qa3
Ra2 47. Qf8 Qf6 48. Qg8+ Qg7 49. Qd8 Kh7 50. Qd7 Qf6 51. Qe8 Kg7 52. Qe3 f4 53.
Qc5 Re2 54. Qc4 Qb2 55. Rg1 Qe5 56. Qc1 Qe7 57. Qc3+ Qf6 58. Qc4 Rb2 59. Qc5
Rd2 60. Qb5 Kh6 61. Qa5 Rb2 62. Qc5 Kg7 1/2-1/2

[Event "Liverpool Open"]
[Site "?"]
[Date "2007.09.07"]
[Round "7.29"]
[White "MacDonald, Paul"]
[Black "Taylor, Edward"]
[Result "1/2-1/2"]
[WhiteElo "1768"]
[BlackElo "2072"]
[PlyCount "55"]
[EventDate "2007.09.07"]
[SourceDate "2007.09.07"]

1. d4 g6 2. c4 Bg7 3. Nc3 d6 4. e4 Nd7 5. Nf3 e6 6. Be2 Ne7 7. Be3 b6 8. Qd2 h6
9. O-O Bb7 10. d5 e5 11. Ne1 f5 12. f3 f4 13. Bf2 O-O 14. Nd3 Nf6 15. b4 a5 16.
a3 g5 17. c5 Bc8 18. cxd6 cxd6 19. Rfc1 Bd7 20. Nb2 Qb8 21. Bb5 Rc8 22. Bxd7
Nxd7 23. Nb5 axb4 24. axb4 Rxc1+ 25. Qxc1 Rxa1 26. Qxa1 Nc8 27. Qa6 Bf6 28. h3
1/2-1/2

[Event "Liverpool Open"]
[Site "?"]
[Date "2007.09.07"]
[Round "7.30"]
[White "Cannon, Raymond Charles"]
[Black "Ewart, Brian"]
[Result "1-0"]
[WhiteElo "2050"]
[BlackElo "1808"]
[PlyCount "73"]
[EventDate "2007.09.07"]
[SourceDate "2007.09.07"]

1. e4 c5 2. Nf3 Nc6 3. d4 cxd4 4. Nxd4 Nf6 5. Nc3 e5 6. Ndb5 d6 7. Nd5 Nxd5 8.
exd5 Nb8 9. c4 Nd7 10. Be2 Be7 11. O-O O-O 12. f4 Qb6+ 13. Kh1 Bf6 14. Qb3 Nc5
15. Qc2 a5 16. Be3 Bd7 17. Nc3 exf4 18. Bxf4 Rfe8 19. Rae1 Re7 20. Bd3 Nxd3 21.
Rxe7 Bxe7 22. Qxd3 f5 23. Be3 Qb4 24. Bd4 a4 25. Ne2 Rc8 26. b3 axb3 27. axb3
b5 28. Rc1 Bg5 29. Rc2 Qe1+ 30. Ng1 Qb1 31. Qg3 Bh6 32. Qxd6 Qxc2 33. Qxd7 Ra8
34. Qe6+ Kh8 35. Qxh6 Ra7 36. Qc6 h6 37. Bxa7 1-0

[Event "Liverpool Open"]
[Site "?"]
[Date "2007.09.07"]
[Round "7.31"]
[White "Potter, Steven"]
[Black "Pass, Deborah"]
[Result "0-1"]
[WhiteElo "1648"]
[BlackElo "2044"]
[PlyCount "66"]
[EventDate "2007.09.07"]
[SourceDate "2007.09.07"]

1. d4 Nf6 2. Bg5 Ne4 3. h4 c5 4. d5 Nxg5 5. hxg5 Qb6 6. Qc1 g6 7. e3 Bg7 8. c3
d6 9. Nd2 e6 10. Bc4 O-O 11. Ngf3 Qd8 12. Qc2 b5 13. Bxb5 exd5 14. O-O Bf5 15.
Bd3 Bg4 16. c4 dxc4 17. Qxc4 Be6 18. Qc2 Nc6 19. a3 Rb8 20. Qa4 Ne5 21. Qc2
Rxb2 22. Qa4 Nxd3 23. Qh4 d5 24. g4 Qa5 25. Rad1 c4 26. Kg2 c3 27. Rh1 Rfb8 28.
Qxh7+ Kf8 29. Nh4 Rxd2 30. Nxg6+ fxg6 31. Qxg6 Nc5 32. Rh7 Qc7 33. Qh5 Qe5 0-1

[Event "Liverpool Open"]
[Site "?"]
[Date "2007.09.07"]
[Round "7.32"]
[White "Brocklebank, Peter"]
[Black "Wood, Michael"]
[Result "1-0"]
[WhiteElo "1810"]
[BlackElo "1616"]
[PlyCount "93"]
[EventDate "2007.09.07"]
[SourceDate "2007.09.07"]

1. e4 e5 2. Nf3 Nc6 3. Bb5 d6 4. O-O Bd7 5. c3 Nf6 6. Re1 Be7 7. d4 exd4 8.
cxd4 O-O 9. Nc3 Bg4 10. Bxc6 bxc6 11. h3 Bh5 12. Qd3 Bg6 13. Qe3 Re8 14. b3 Bf8
15. e5 dxe5 16. dxe5 Nd5 17. Nxd5 cxd5 18. Bb2 Qe7 19. Rac1 Be4 20. Bd4 Bxf3
21. Qxf3 Qd7 22. Qc3 Rec8 23. Qc6 Qxc6 24. Rxc6 Bb4 25. Rec1 Ba5 26. R1c5 Bb6
27. Rxd5 Bxd4 28. Rxd4 Rab8 29. Rd7 Rb7 30. f4 Kf8 31. Kf2 Ke8 32. e6 Rb6 33.
Rxb6 cxb6 34. Rxa7 Rc2+ 35. Kf3 fxe6 36. Rxg7 Rxa2 37. Rxh7 Ra3 38. Rb7 Rxb3+
39. Kg4 Rb2 40. g3 b5 41. h4 b4 42. h5 b3 43. h6 Rh2 44. Kg5 b2 45. g4 Kd8 46.
Kg6 Kc8 47. Rb4 1-0

[Event "Liverpool Open"]
[Site "?"]
[Date "2007.09.07"]
[Round "7.33"]
[White "MacGilchrist, Siegrun"]
[Black "Chard, Marcus"]
[Result "0-1"]
[WhiteElo "1834"]
[BlackElo "1608"]
[PlyCount "84"]
[EventDate "2007.09.07"]
[SourceDate "2007.09.07"]

1. e4 c5 2. Nf3 d6 3. Bb5+ Bd7 4. Bxd7+ Qxd7 5. O-O Nf6 6. Re1 Nc6 7. d4 cxd4
8. Nxd4 Rc8 9. f3 e6 10. Be3 Be7 11. c4 a6 12. Nc3 O-O 13. b3 Qc7 14. Nce2 Rfe8
15. Ng3 Bf8 16. Qd2 d5 17. Nxc6 bxc6 18. cxd5 cxd5 19. Rac1 Qb7 20. Rxc8 Rxc8
21. Rc1 Rxc1+ 22. Qxc1 dxe4 23. f4 Ng4 24. a3 Nxe3 25. Qxe3 f5 26. Qe2 Qb5 27.
Qxb5 axb5 28. Ne2 b4 29. g4 Kf7 30. Kf1 Bc5 31. Ng3 g6 32. Ke2 Ke7 33. g5 Kd6
34. h4 e5 35. fxe5+ Kxe5 36. Nf1 f4 37. Nd2 f3+ 38. Kf1 Kf4 39. Nc4 e3 40. Ke1
Kg3 41. Kf1 e2+ 42. Ke1 Bf2+ 0-1

[Event "Liverpool Open"]
[Site "?"]
[Date "2007.09.07"]
[Round "7.34"]
[White "Lee, Steven"]
[Black "McBride, John"]
[Result "0-1"]
[WhiteElo "1592"]
[BlackElo "1776"]
[PlyCount "32"]
[EventDate "2007.09.07"]
[SourceDate "2007.09.07"]

1. e4 e6 2. d4 d5 3. Nc3 Bb4 4. Nge2 dxe4 5. a3 Be7 6. Nxe4 Nf6 7. N2c3 b6 8.
Bd3 Bb7 9. Bg5 Nxe4 10. Bxe7 Nxc3 11. Qg4 Qxe7 12. Qxg7 Qf8 13. Qe5 Nd5 14. c4
Nd7 15. Qh5 N5f6 16. Qh3 O-O-O 0-1

[Event "Liverpool Open"]
[Site "?"]
[Date "2007.09.07"]
[Round "7.35"]
[White "Blades, Tony"]
[Black "Morton, Alistair"]
[Result "1/2-1/2"]
[WhiteElo "1640"]
[BlackElo "1440"]
[PlyCount "45"]
[EventDate "2007.09.07"]
[SourceDate "2007.09.07"]

1. d4 Nf6 2. c4 e6 3. Nc3 d5 4. Bg5 Be7 5. e3 a6 6. Nf3 Nbd7 7. cxd5 exd5 8.
Bd3 h6 9. Bh4 b6 10. Rc1 Bb7 11. O-O O-O 12. Qe2 Ne4 13. Bxe7 Qxe7 14. Nd2 Ndf6
15. f3 Nxd2 16. Qxd2 Rac8 17. Rfe1 c5 18. Bb1 Rfe8 19. a3 c4 20. e4 dxe4 21.
Bxe4 Bxe4 22. Nxe4 Nd5 23. Nc3 1/2-1/2

[Event "Liverpool Open"]
[Site "?"]
[Date "2007.09.07"]
[Round "7.36"]
[White "Balatoni, Richard"]
[Black "Lambert, John"]
[Result "1-0"]
[WhiteElo "1528"]
[BlackElo "1632"]
[PlyCount "78"]
[EventDate "2007.09.07"]
[SourceDate "2007.09.07"]

1. e4 c5 2. Nc3 g6 3. g3 Nc6 4. Bg2 Bg7 5. d3 d6 6. Be3 Nf6 7. Nge2 Ng4 8. Bd2
Rb8 9. O-O b5 10. h3 Nf6 11. a3 Bd7 12. Be3 Qc8 13. Kh2 e6 14. Qd2 Ng8 15. d4
cxd4 16. Nxd4 Ne5 17. b3 Ne7 18. Nde2 Qc7 19. Rfd1 Nc8 20. Rac1 O-O 21. Bd4 f6
22. Nf4 Nf7 23. Be3 Re8 24. Nce2 Nb6 25. Nd3 Red8 26. Nb4 Qc8 27. Bd4 a5 28.
Nd3 Qa6 29. Qe3 Bc6 30. f4 Nd7 31. Qf2 Qb7 32. Qe3 Nb6 33. Nc3 Nd7 34. Rd2 e5
35. fxe5 fxe5 36. Nd5 exd4 37. Ne7+ Kh8 38. Qf4 Rf8 39. Qxd6 Nxd6 1-0

[Event "Liverpool Open"]
[Site "?"]
[Date "2007.09.07"]
[Round "7.37"]
[White "Martin, Brian"]
[Black "Frith, Robert"]
[Result "1/2-1/2"]
[WhiteElo "1424"]
[BlackElo "1696"]
[PlyCount "67"]
[EventDate "2007.09.07"]
[SourceDate "2007.09.07"]

1. e4 c5 2. Nf3 Nc6 3. d4 cxd4 4. Nxd4 Qb6 5. Nxc6 bxc6 6. Bd3 e5 7. O-O Nf6 8.
Nc3 Be7 9. h3 O-O 10. Na4 Qc7 11. c4 d6 12. Qe2 Rb8 13. b3 Bb7 14. f4 Nd7 15.
c5 exf4 16. Bxf4 Ne5 17. Bxe5 dxe5 18. b4 Rbd8 19. Rad1 Rd4 20. a3 a5 21. Bc2
axb4 22. Rxd4 exd4 23. axb4 Bc8 24. Qd3 Qe5 25. Rd1 Rd8 26. Bb3 Bg5 27. Qf3 Bf6
28. Nb2 Re8 29. Nd3 Qc7 30. Bc4 Be6 31. Bxe6 fxe6 32. Rf1 e5 33. Qe2 Qe7 34.
Qa2+ 1/2-1/2

[Event "Liverpool Open"]
[Site "?"]
[Date "2007.09.07"]
[Round "7.38"]
[White "Ashton, David"]
[Black "Solomon, Graeme"]
[Result "0-1"]
[WhiteElo "1576"]
[BlackElo "1408"]
[PlyCount "62"]
[EventDate "2007.09.07"]
[SourceDate "2007.09.07"]

1. e4 d6 2. d4 Nf6 3. Nc3 c6 4. Bg5 Qa5 5. Qd2 Nbd7 6. f4 e5 7. Nf3 Be7 8. Be2
O-O 9. O-O Re8 10. Rad1 Qc7 11. dxe5 dxe5 12. fxe5 Ng4 13. Bf4 Ngxe5 14. Ng5 h6
15. Nxf7 Qb6+ 16. Kh1 Nxf7 17. Bc4 Rf8 18. Bxh6 Nde5 19. Bb3 Kh7 20. Na4 Qd8
21. Qc3 Qc7 22. Rxf7 Rxf7 23. Bxf7 Bf6 24. Bf4 Qxf7 25. Bxe5 Qh5 26. Qf3 Bg4
27. Qxf6 gxf6 28. Rd3 Qxe5 29. Nc3 Rg8 30. h3 Be6 31. Kg1 Qg5 0-1

[Event "Liverpool Open"]
[Site "?"]
[Date "2007.09.07"]
[Round "7.39"]
[White "Crean, Mike"]
[Black "Kent, Paul"]
[Result "0-1"]
[WhiteElo "1424"]
[BlackElo "1484"]
[PlyCount "70"]
[EventDate "2007.09.07"]
[SourceDate "2007.09.07"]

1. d4 d5 2. c4 e6 3. Nc3 c6 4. Nf3 Bb4 5. Qc2 Nf6 6. Bg5 Nbd7 7. e3 h6 8. Bxf6
Nxf6 9. Bd3 a6 10. O-O Bd6 11. c5 Be7 12. Ne5 Qc7 13. f4 Nd7 14. Rf3 f5 15. Rg3
Nxe5 16. fxe5 g5 17. Rf3 g4 18. Rf2 h5 19. g3 Bd7 20. Na4 O-O-O 21. Nb6+ Kb8
22. b4 h4 23. gxh4 Rxh4 24. Rg2 Rdh8 25. Qf2 Bg5 26. Re1 Be8 27. Re2 Rh3 28. a4
Rf3 29. Qe1 Rhh3 30. Rg3 Bh4 31. Reg2 Qh7 32. Qe2 Bxg3 33. Rxg3 Rfxg3+ 34. Kh1
Rxe3 35. Qxg4 Re1+ 0-1